[Event "Russian Rapid Team Championship (w)"]
[Site "Sochi"]
[Date "2022.10.19"]
[Round "8.1"]
[White "Pogonina, Natalija"]
[Black "Vasilevich, Tatjana"]
[Result "1/2-1/2"]
[BlackElo "2226"]
[WhiteElo "2466"]
[LiveChessVersion "1.4.8"]

1. d4 {[%clk 0:15:18]} g6 {[%clk 0:15:19]} 2. e4 Bg7 {[%clk 0:15:27]} 3. Nc3
{[%clk 0:14:58]} c6 {[%clk 0:14:13]} 4. Be3 {[%clk 0:14:27]} d5 {[%clk 0:13:49]}
5. Qd2 {[%clk 0:13:54]} dxe4 {[%clk 0:13:10]} 6. Nxe4 {[%clk 0:14:00]} Nd7
{[%clk 0:13:16]} 7. Nf3 {[%clk 0:12:08]} Ngf6 {[%clk 0:11:27]} 8. Nc3
{[%clk 0:09:36]} Nd5 {[%clk 0:08:38]} 9. Nxd5 {[%clk 0:08:31]} cxd5
{[%clk 0:08:47]} 10. Bh6 {[%clk 0:08:25]} Bxh6 {[%clk 0:07:12]} 11. Qxh6
{[%clk 0:08:32]} Qb6 {[%clk 0:06:37]} 12. O-O-O {[%clk 0:07:21]} Nf6
{[%clk 0:06:34]} 13. Ne5 {[%clk 0:06:27]} Be6 {[%clk 0:05:19]} 14. f3
{[%clk 0:05:48]} O-O-O {[%clk 0:05:15]} 15. Qe3 {[%clk 0:05:47]} Kb8
{[%clk 0:04:49]} 16. Bd3 {[%clk 0:05:36]} Rc8 {[%clk 0:04:20]} 17. g4
{[%clk 0:05:11]} Rhd8 {[%clk 0:04:24]} 18. h3 Nd7 {[%clk 0:03:31]} 19. Nxd7+
{[%clk 0:04:09]} Rxd7 {[%clk 0:03:39]} 20. f4 {[%clk 0:04:10]} f6
{[%clk 0:03:02]} 21. f5 {[%clk 0:03:28]} gxf5 {[%clk 0:01:30]} 22. gxf5
{[%clk 0:03:36]} Bg8 {[%clk 0:01:24]} 23. Rhg1 {[%clk 0:03:27]} e5
{[%clk 0:00:56]} 24. fxe6 {[%clk 0:03:32]} Bxe6 {[%clk 0:00:45]} 25. Rdf1
{[%clk 0:03:24]} Rf7 {[%clk 0:00:21]} 26. h4 {[%clk 0:03:17]} Ka8
{[%clk 0:00:25]} 27. Kb1 {[%clk 0:03:07]} a6 {[%clk 0:00:31]} 28. a3
{[%clk 0:03:14]} Bd7 {[%clk 0:00:36]} 29. Rf4 {[%clk 0:02:50]} Bb5
{[%clk 0:00:41]} 30. Rfg4 {[%clk 0:01:44]} Bxd3 {[%clk 0:00:42]} 31. Qxd3
{[%clk 0:01:51]} Rfc7 {[%clk 0:00:44]} 32. Rg8 {[%clk 0:01:51]} Rxg8
{[%clk 0:00:22]} 33. Rxg8+ {[%clk 0:01:59]} Ka7 {[%clk 0:00:31]} 34. Ka2
{[%clk 0:01:12]} Qe6 {[%clk 0:00:34]} 35. Rd8 {[%clk 0:00:53]} Rd7
{[%clk 0:00:32]} 36. Rxd7 {[%clk 0:00:50]} Qxd7 {[%clk 0:00:41]} 37. Qe3
{[%clk 0:00:36]} Qc6 {[%clk 0:00:46]} 1/2-1/2

[Event "Russian Rapid Team Championship (w)"]
[Site "Sochi"]
[Date "2022.10.19"]
[Round "8.2"]
[White "Potapova, Margarita"]
[Black "Girya, Olga"]
[Result "1/2-1/2"]
[BlackElo "2298"]
[WhiteElo "2143"]
[LiveChessVersion "1.4.8"]

1. d4 {[%clk 0:15:18]} Nf6 {[%clk 0:15:20]} 2. c4 {[%clk 0:15:27]} e6
{[%clk 0:15:29]} 3. Nc3 {[%clk 0:15:30]} Bb4 {[%clk 0:15:38]} 4. f3
{[%clk 0:15:18]} d5 {[%clk 0:15:40]} 5. a3 {[%clk 0:15:22]} Bxc3+
{[%clk 0:15:46]} 6. bxc3 {[%clk 0:15:28]} c6 {[%clk 0:15:47]} 7. e3
{[%clk 0:15:35]} O-O {[%clk 0:15:49]} 8. cxd5 {[%clk 0:15:25]} cxd5
{[%clk 0:15:58]} 9. Bd3 {[%clk 0:15:29]} Nc6 {[%clk 0:16:07]} 10. Ne2
{[%clk 0:15:27]} e5 {[%clk 0:16:16]} 11. O-O {[%clk 0:15:18]} e4 {[%clk 0:15:51]}
12. fxe4 {[%clk 0:14:58]} dxe4 {[%clk 0:15:37]} 13. Bc2 {[%clk 0:14:59]} Be6
{[%clk 0:15:26]} 14. Ng3 {[%clk 0:14:52]} Bd5 {[%clk 0:14:44]} 15. Rf4
{[%clk 0:14:22]} Re8 {[%clk 0:14:46]} 16. Bd2 {[%clk 0:09:36]} Na5
{[%clk 0:14:00]} 17. Be1 {[%clk 0:09:37]} Nc4 {[%clk 0:14:00]} 18. Qe2
{[%clk 0:09:43]} Nd6 {[%clk 0:10:29]} 19. Bd2 {[%clk 0:08:49]} Bc4
{[%clk 0:10:13]} 20. Qf2 {[%clk 0:08:36]} Rc8 {[%clk 0:06:52]} 21. a4
{[%clk 0:07:26]} b6 {[%clk 0:06:33]} 22. h3 {[%clk 0:06:25]} Rc7 {[%clk 0:04:05]}
23. Nf5 {[%clk 0:05:19]} Nxf5 {[%clk 0:03:42]} 24. Rxf5 {[%clk 0:05:28]} Nd5
{[%clk 0:03:09]} 25. Qg3 {[%clk 0:05:20]} Rce7 {[%clk 0:03:12]} 26. h4
{[%clk 0:04:42]} Re6 {[%clk 0:02:51]} 27. h5 {[%clk 0:04:15]} h6 {[%clk 0:02:58]}
28. Qf2 {[%clk 0:03:17]} Rf6 {[%clk 0:02:58]} 29. Rxf6 {[%clk 0:02:24]} Qxf6
{[%clk 0:03:07]} 30. Qxf6 {[%clk 0:02:32]} Nxf6 {[%clk 0:03:15]} 31. Bd1
{[%clk 0:02:41]} Rc8 {[%clk 0:02:40]} 32. Kf2 {[%clk 0:02:38]} Kf8
{[%clk 0:02:02]} 33. Bc2 {[%clk 0:02:15]} Ke7 {[%clk 0:01:45]} 34. Rh1
{[%clk 0:02:19]} Be6 {[%clk 0:01:38]} 35. Kg3 {[%clk 0:01:10]} Nd5
{[%clk 0:01:14]} 36. Bxe4 {[%clk 0:01:12]} Nxc3 {[%clk 0:01:23]} 37. Bf3
{[%clk 0:01:15]} f5 {[%clk 0:01:21]} 38. Ra1 {[%clk 0:00:38]} Ne4+
{[%clk 0:00:48]} 39. Bxe4 {[%clk 0:00:43]} fxe4 {[%clk 0:00:57]} 40. Rc1
{[%clk 0:00:25]} Rxc1 {[%clk 0:00:58]} 41. Bxc1 {[%clk 0:00:34]} Bb3
{[%clk 0:00:28]} 42. Kf4 {[%clk 0:00:33]} Bc2 {[%clk 0:00:22]} 43. Ke5
{[%clk 0:00:30]} Bxa4 {[%clk 0:00:28]} 44. Kxe4 {[%clk 0:00:37]} Bd1
{[%clk 0:00:36]} 45. Ba3+ {[%clk 0:00:33]} Kd7 {[%clk 0:00:17]} 46. Bf8
{[%clk 0:00:36]} Bxh5 {[%clk 0:00:25]} 47. Bxg7 {[%clk 0:00:44]} Bg6+
{[%clk 0:00:31]} 48. Ke5 {[%clk 0:00:53]} h5 {[%clk 0:00:41]} 49. d5
{[%clk 0:00:46]} a5 {[%clk 0:00:40]} 50. Kd4 {[%clk 0:00:53]} b5 {[%clk 0:00:44]}
51. e4 {[%clk 0:00:57]} b4 {[%clk 0:00:34]} 52. e5 {[%clk 0:01:01]} Bf7
{[%clk 0:00:24]} 53. Kc4 {[%clk 0:00:39]} b3 {[%clk 0:00:19]} 54. e6+
{[%clk 0:00:43]} Bxe6 55. dxe6+ {[%clk 0:00:52]} Kxe6 {[%clk 0:00:37]} 56. Kxb3
{[%clk 0:00:30]} Kf5 {[%clk 0:00:47]} 57. Bf8 {[%clk 0:00:12]} Kg4
{[%clk 0:00:55]} 58. Bd6 {[%clk 0:00:18]} h4 {[%clk 0:01:05]} 59. Ka4
{[%clk 0:00:12]} h3 {[%clk 0:01:13]} 60. gxh3+ {[%clk 0:00:21]} Kxh3
{[%clk 0:01:22]} 61. Kxa5 1/2-1/2

[Event "Russian Rapid Team Championship (w)"]
[Site "Sochi"]
[Date "2022.10.19"]
[Round "8.3"]
[White "Garifullina, Leya"]
[Black "Tomilova, Elena"]
[Result "1-0"]
[BlackElo "2129"]
[WhiteElo "2273"]
[LiveChessVersion "1.4.8"]

1. e4 {[%clk 0:15:18]} e6 {[%clk 0:15:19]} 2. d4 {[%clk 0:15:19]} d5
{[%clk 0:15:27]} 3. Nc3 {[%clk 0:15:28]} Nf6 {[%clk 0:15:33]} 4. e5
{[%clk 0:15:37]} Nfd7 {[%clk 0:15:42]} 5. f4 {[%clk 0:15:46]} c5 {[%clk 0:15:51]}
6. Nf3 {[%clk 0:15:55]} Nc6 {[%clk 0:16:01]} 7. Be3 {[%clk 0:16:03]} cxd4
{[%clk 0:16:02]} 8. Nxd4 {[%clk 0:16:07]} Bc5 {[%clk 0:16:11]} 9. Qd2
{[%clk 0:15:48]} O-O {[%clk 0:16:12]} 10. O-O-O {[%clk 0:15:36]} Bxd4
{[%clk 0:16:18]} 11. Bxd4 {[%clk 0:15:43]} a6 {[%clk 0:16:27]} 12. Bf2
{[%clk 0:14:36]} b5 {[%clk 0:16:32]} 13. Bd3 {[%clk 0:14:23]} b4 {[%clk 0:16:01]}
14. Ne2 {[%clk 0:14:31]} a5 {[%clk 0:16:07]} 15. Kb1 {[%clk 0:14:08]} Ba6
{[%clk 0:15:48]} 16. h4 {[%clk 0:13:54]} a4 {[%clk 0:15:30]} 17. Nc1
{[%clk 0:13:44]} Bxd3 {[%clk 0:13:49]} 18. cxd3 {[%clk 0:12:09]} a3
{[%clk 0:13:34]} 19. b3 {[%clk 0:12:12]} d4 {[%clk 0:13:31]} 20. Ne2
{[%clk 0:11:57]} Nb6 {[%clk 0:12:58]} 21. Rc1 {[%clk 0:12:01]} Qd7
{[%clk 0:12:06]} 22. Ka1 {[%clk 0:11:22]} Rfd8 {[%clk 0:09:52]} 23. h5
{[%clk 0:10:59]} Nd5 {[%clk 0:07:20]} 24. Rc4 {[%clk 0:10:31]} Nb6
{[%clk 0:05:50]} 25. Rc5 {[%clk 0:10:20]} Nd5 {[%clk 0:05:46]} 26. h6
{[%clk 0:10:19]} g6 {[%clk 0:05:43]} 27. Rhc1 {[%clk 0:10:14]} Nc3
{[%clk 0:05:42]} 28. Rc4 {[%clk 0:10:13]} Nxe2 {[%clk 0:04:38]} 29. Qxe2
{[%clk 0:10:20]} Rac8 {[%clk 0:04:40]} 30. Qe1 {[%clk 0:08:38]} Qd5
{[%clk 0:03:53]} 31. Qe4 {[%clk 0:07:56]} Qxe4 {[%clk 0:03:36]} 32. dxe4
{[%clk 0:08:01]} d3 {[%clk 0:03:39]} 33. Rd1 {[%clk 0:07:47]} f6 {[%clk 0:01:57]}
34. Bb6 {[%clk 0:07:14]} Rd7 {[%clk 0:01:54]} 35. exf6 {[%clk 0:07:20]} Kf7
{[%clk 0:01:28]} 36. e5 {[%clk 0:07:29]} g5 {[%clk 0:01:34]} 37. g3
{[%clk 0:07:33]} d2 {[%clk 0:01:29]} 38. Kb1 {[%clk 0:06:04]} Rd3
{[%clk 0:01:14]} 39. Bf2 {[%clk 0:05:39]} Rdd8 {[%clk 0:00:43]} 40. Rc2
{[%clk 0:05:30]} gxf4 {[%clk 0:00:25]} 41. gxf4 {[%clk 0:05:37]} Kg6
{[%clk 0:00:33]} 42. Rcxd2 {[%clk 0:05:38]} Kxh6 {[%clk 0:00:30]} 43. Rxd8
{[%clk 0:04:56]} Rxd8 {[%clk 0:00:39]} 44. Rg1 {[%clk 0:05:02]} Nb8
{[%clk 0:00:20]} 45. Bc5 {[%clk 0:04:57]} Nd7 {[%clk 0:00:12]} 46. Bxb4
{[%clk 0:05:05]} 1-0

[Event "Russian Rapid Team Championship (w)"]
[Site "Sochi"]
[Date "2022.10.19"]
[Round "8.4"]
[White "Gritsayeva, Oksana"]
[Black "Guseva, Marina"]
[Result "1-0"]
[BlackElo "2273"]
[WhiteElo "2192"]
[LiveChessVersion "1.4.8"]

1. e4 {[%clk 0:15:18]} c6 {[%clk 0:15:16]} 2. d4 {[%clk 0:15:05]} d5
{[%clk 0:15:24]} 3. exd5 {[%clk 0:15:10]} cxd5 {[%clk 0:15:32]} 4. Bd3
{[%clk 0:15:18]} Nc6 {[%clk 0:15:41]} 5. c3 {[%clk 0:15:28]} Nf6 {[%clk 0:15:49]}
6. h3 {[%clk 0:15:37]} g6 {[%clk 0:15:57]} 7. Nf3 {[%clk 0:15:45]} Bf5
{[%clk 0:16:05]} 8. Be2 {[%clk 0:15:54]} Bg7 {[%clk 0:16:11]} 9. O-O
{[%clk 0:15:58]} O-O {[%clk 0:16:18]} 10. Be3 {[%clk 0:16:07]} Bxb1
{[%clk 0:15:05]} 11. Rxb1 {[%clk 0:15:54]} e6 {[%clk 0:15:13]} 12. Bf4
{[%clk 0:14:31]} Rc8 {[%clk 0:15:16]} 13. Re1 {[%clk 0:13:59]} Ne4
{[%clk 0:15:13]} 14. Bd3 {[%clk 0:13:46]} Nd6 {[%clk 0:15:06]} 15. b3
{[%clk 0:13:13]} a6 {[%clk 0:14:05]} 16. a4 {[%clk 0:12:24]} Qd7 {[%clk 0:12:16]}
17. Qd2 {[%clk 0:12:00]} Rfe8 {[%clk 0:11:13]} 18. Bh6 {[%clk 0:11:41]} Bh8
{[%clk 0:11:12]} 19. h4 {[%clk 0:11:41]} f6 {[%clk 0:10:05]} 20. h5
{[%clk 0:09:53]} Ne7 {[%clk 0:07:50]} 21. hxg6 {[%clk 0:09:44]} Nxg6
{[%clk 0:07:32]} 22. Rbc1 {[%clk 0:08:42]} Bg7 {[%clk 0:07:30]} 23. g3
{[%clk 0:08:08]} f5 {[%clk 0:07:14]} 24. Bxg7 {[%clk 0:06:56]} Qxg7
{[%clk 0:07:18]} 25. c4 {[%clk 0:05:05]} Ne4 {[%clk 0:07:19]} 26. Bxe4
{[%clk 0:04:24]} dxe4 {[%clk 0:06:29]} 27. Nh2 {[%clk 0:04:06]} Rcd8
{[%clk 0:06:34]} 28. Rcd1 {[%clk 0:03:58]} Ne5 {[%clk 0:06:24]} 29. Qe3
{[%clk 0:02:55]} Nd3 {[%clk 0:06:11]} 30. Rxd3 {[%clk 0:03:00]} exd3
{[%clk 0:06:20]} 31. Nf3 {[%clk 0:03:07]} d2 {[%clk 0:05:15]} 32. Qxd2
{[%clk 0:02:36]} e5 {[%clk 0:05:07]} 33. Nxe5 {[%clk 0:02:34]} Rd6
{[%clk 0:04:50]} 34. Qf4 {[%clk 0:02:30]} Rde6 {[%clk 0:03:58]} 35. Kg2
{[%clk 0:02:31]} a5 {[%clk 0:03:04]} 36. Rh1 {[%clk 0:02:33]} Kh8
{[%clk 0:02:54]} 37. Rh5 {[%clk 0:02:31]} Rf6 {[%clk 0:02:23]} 38. Rxf5
{[%clk 0:01:48]} Rxf5 {[%clk 0:02:31]} 39. Qxf5 {[%clk 0:01:57]} Rf8
{[%clk 0:02:40]} 40. Qe6 {[%clk 0:01:49]} Rf6 {[%clk 0:02:12]} 41. Qe8+
{[%clk 0:01:50]} Rf8 {[%clk 0:02:17]} 42. Qe6 {[%clk 0:01:34]} Rf6
{[%clk 0:02:26]} 43. Qd5 {[%clk 0:01:18]} Qf8 {[%clk 0:02:30]} 44. f4
{[%clk 0:01:19]} Qb4 {[%clk 0:02:17]} 45. Ng4 {[%clk 0:01:02]} Rg6
{[%clk 0:01:37]} 46. Qe5+ {[%clk 0:00:53]} Kg8 {[%clk 0:01:45]} 47. Qe8+
{[%clk 0:00:37]} Kg7 {[%clk 0:01:48]} 48. Qe5+ {[%clk 0:00:46]} Kg8
{[%clk 0:01:57]} 49. Qd5+ {[%clk 0:00:48]} Kg7 {[%clk 0:02:00]} 50. Qd7+
{[%clk 0:00:52]} Kg8 {[%clk 0:02:07]} 51. Qc8+ {[%clk 0:00:33]} Kg7
{[%clk 0:02:14]} 52. Qc7+ {[%clk 0:00:38]} Kg8 {[%clk 0:02:22]} 53. Qd8+
{[%clk 0:00:39]} Kg7 {[%clk 0:02:31]} 54. Qd7+ {[%clk 0:00:31]} Kg8
{[%clk 0:02:39]} 55. Qe8+ {[%clk 0:00:38]} Kg7 {[%clk 0:02:48]} 56. Ne3
{[%clk 0:00:26]} Qd2+ {[%clk 0:00:27]} 57. Kf3 {[%clk 0:00:35]} Qd3
{[%clk 0:00:32]} 58. Qe5+ {[%clk 0:00:24]} Kg8 {[%clk 0:00:12]} 59. f5
{[%clk 0:00:24]} Rh6 {[%clk 0:00:16]} 60. Qe8+ {[%clk 0:00:27]} Kg7
{[%clk 0:00:25]} 61. Qe7+ {[%clk 0:00:35]} Kg8 {[%clk 0:00:35]} 62. Qg5+
{[%clk 0:00:43]} 1-0

[Event "Russian Rapid Team Championship (w)"]
[Site "Sochi"]
[Date "2022.10.19"]
[Round "8.5"]
[White "Lysenko, Margarita"]
[Black "Shuvalova, Polina"]
[Result "0-1"]
[BlackElo "2392"]
[WhiteElo "2204"]
[LiveChessVersion "1.4.8"]

1. d4 {[%clk 0:15:13]} Nf6 {[%clk 0:15:11]} 2. c4 {[%clk 0:15:20]} e6
{[%clk 0:15:19]} 3. Nc3 {[%clk 0:15:24]} d5 {[%clk 0:15:28]} 4. cxd5
{[%clk 0:15:27]} Nxd5 {[%clk 0:15:36]} 5. e4 {[%clk 0:15:18]} Nxc3
{[%clk 0:15:44]} 6. bxc3 {[%clk 0:15:21]} c5 {[%clk 0:15:52]} 7. a3
{[%clk 0:14:32]} Be7 {[%clk 0:15:59]} 8. Nf3 {[%clk 0:14:28]} O-O
{[%clk 0:16:06]} 9. Bd3 {[%clk 0:12:36]} b6 {[%clk 0:16:06]} 10. O-O
{[%clk 0:12:37]} Bb7 {[%clk 0:16:14]} 11. Qe2 {[%clk 0:12:09]} Nd7
{[%clk 0:16:11]} 12. Bb2 {[%clk 0:11:41]} Re8 {[%clk 0:15:38]} 13. Rad1
{[%clk 0:11:22]} Qc7 {[%clk 0:15:02]} 14. Rfe1 {[%clk 0:09:26]} Bf8
{[%clk 0:14:43]} 15. Qd2 {[%clk 0:06:37]} h6 {[%clk 0:14:41]} 16. Bb1
{[%clk 0:05:08]} Rac8 {[%clk 0:13:39]} 17. d5 {[%clk 0:04:55]} exd5
{[%clk 0:13:27]} 18. exd5 {[%clk 0:05:02]} c4 {[%clk 0:13:23]} 19. Rxe8
{[%clk 0:03:10]} Rxe8 {[%clk 0:13:31]} 20. Bc1 {[%clk 0:01:11]} Nf6
{[%clk 0:10:38]} 21. d6 {[%clk 0:00:48]} Qc5 {[%clk 0:10:46]} 22. Qf4
{[%clk 0:00:38]} Rd8 {[%clk 0:10:20]} 23. d7 {[%clk 0:00:32]} Rxd7
{[%clk 0:10:05]} 24. Rxd7 {[%clk 0:00:23]} Nxd7 {[%clk 0:10:14]} 25. Nd4
{[%clk 0:00:22]} Bd6 {[%clk 0:09:06]} 26. Qe3 {[%clk 0:00:17]} Qh5
{[%clk 0:08:59]} 27. Nf3 {[%clk 0:00:13]} Ne5 {[%clk 0:06:55]} 28. Be4
{[%clk 0:00:14]} Bxe4 {[%clk 0:06:56]} 29. Qxe4 {[%clk 0:00:22]} Nxf3+
{[%clk 0:07:04]} 30. gxf3 {[%clk 0:00:30]} Qxh2+ {[%clk 0:07:08]} 31. Kf1
{[%clk 0:00:39]} Qh1+ {[%clk 0:07:14]} 32. Ke2 {[%clk 0:00:48]} Qxc1
{[%clk 0:07:18]} 33. Qe8+ {[%clk 0:00:56]} Bf8 {[%clk 0:07:26]} 0-1

[Event "Russian Rapid Team Championship (w)"]
[Site "Sochi"]
[Date "2022.10.19"]
[Round "8.6"]
[White "Gunina, Valentina"]
[Black "Smirnova, Ekaterina"]
[Result "1-0"]
[BlackElo "2088"]
[WhiteElo "2421"]
[LiveChessVersion "1.4.8"]

1. d4 {[%clk 0:15:17]} d5 {[%clk 0:15:19]} 2. c4 {[%clk 0:15:25]} c6
{[%clk 0:15:28]} 3. Nc3 {[%clk 0:15:34]} Nf6 {[%clk 0:15:36]} 4. e3
{[%clk 0:15:43]} e6 {[%clk 0:15:20]} 5. Nf3 {[%clk 0:15:51]} a6 {[%clk 0:15:22]}
6. b3 {[%clk 0:15:29]} Bb4 {[%clk 0:15:30]} 7. Bd2 {[%clk 0:15:35]} O-O
{[%clk 0:15:30]} 8. Bd3 {[%clk 0:15:41]} Nbd7 {[%clk 0:15:26]} 9. O-O
{[%clk 0:15:38]} Bd6 {[%clk 0:15:21]} 10. Qc2 e5 {[%clk 0:12:40]} 11. cxd5
{[%clk 0:15:41]} cxd5 {[%clk 0:12:45]} 12. e4 {[%clk 0:15:48]} exd4
{[%clk 0:11:10]} 13. Nxd5 {[%clk 0:15:55]} Nxd5 {[%clk 0:09:52]} 14. exd5
{[%clk 0:16:03]} Nf6 {[%clk 0:09:39]} 15. h3 {[%clk 0:16:11]} h6 {[%clk 0:09:35]}
16. Rad1 {[%clk 0:15:55]} Nxd5 {[%clk 0:09:16]} 17. Bc4 {[%clk 0:15:37]} Nf4
{[%clk 0:06:19]} 18. Bxf4 {[%clk 0:15:18]} Bxf4 {[%clk 0:06:27]} 19. Rxd4
{[%clk 0:15:26]} Qf6 {[%clk 0:05:16]} 20. Bd5 {[%clk 0:15:34]} Bb8
{[%clk 0:04:46]} 21. Rc4 {[%clk 0:15:21]} Be6 {[%clk 0:04:06]} 22. Bxe6
{[%clk 0:15:00]} Qxe6 {[%clk 0:04:13]} 23. Re1 {[%clk 0:15:05]} Qf6
{[%clk 0:04:18]} 24. Qe4 {[%clk 0:15:03]} b5 {[%clk 0:04:02]} 25. Rc6
{[%clk 0:14:51]} Qb2 {[%clk 0:04:04]} 26. Rc2 {[%clk 0:13:57]} Qf6
{[%clk 0:04:02]} 27. Rd1 {[%clk 0:13:41]} Ba7 {[%clk 0:03:54]} 28. Qe5
{[%clk 0:10:16]} Qxe5 {[%clk 0:03:20]} 29. Nxe5 {[%clk 0:10:25]} Rfd8
{[%clk 0:03:04]} 30. Rxd8+ {[%clk 0:09:55]} Rxd8 {[%clk 0:03:13]} 31. Kf1
{[%clk 0:10:03]} Re8 {[%clk 0:02:15]} 32. Nc6 {[%clk 0:09:56]} Bb6
{[%clk 0:02:23]} 33. Nb4 {[%clk 0:08:51]} Ba5 {[%clk 0:02:30]} 34. Nd3
{[%clk 0:08:59]} Re6 {[%clk 0:02:10]} 35. g4 {[%clk 0:09:00]} g6 {[%clk 0:02:15]}
36. Rc8+ {[%clk 0:08:00]} Kg7 {[%clk 0:02:22]} 37. Ra8 {[%clk 0:07:37]} Bc3
{[%clk 0:02:01]} 38. a3 {[%clk 0:05:29]} Rd6 {[%clk 0:01:36]} 39. Ke2
{[%clk 0:04:59]} Re6+ {[%clk 0:01:44]} 40. Kf3 {[%clk 0:05:08]} Rf6+
{[%clk 0:01:47]} 41. Ke4 {[%clk 0:05:13]} Ba5 {[%clk 0:01:05]} 42. b4
{[%clk 0:04:53]} Bc7 {[%clk 0:01:06]} 43. f4 {[%clk 0:04:47]} Re6+
{[%clk 0:01:10]} 44. Kd4 {[%clk 0:04:16]} Rd6+ {[%clk 0:01:02]} 45. Kc3
{[%clk 0:04:19]} Rc6+ {[%clk 0:00:55]} 46. Kd2 {[%clk 0:04:27]} Bd6
{[%clk 0:00:51]} 47. Ra7 {[%clk 0:04:24]} Kf6 {[%clk 0:00:47]} 48. Ke3
{[%clk 0:04:05]} Ke6 {[%clk 0:00:51]} 49. h4 {[%clk 0:03:58]} h5 {[%clk 0:00:53]}
50. f5+ {[%clk 0:03:54]} Kf6 {[%clk 0:00:50]} 51. gxh5 {[%clk 0:03:25]} gxh5
{[%clk 0:00:53]} 52. Ke4 {[%clk 0:03:33]} Bg3 {[%clk 0:00:48]} 53. Ra8
{[%clk 0:01:46]} Bxh4 {[%clk 0:00:43]} 54. Ne5 {[%clk 0:01:50]} Rc1
{[%clk 0:00:21]} 55. Rxa6+ {[%clk 0:01:55]} Kg7 {[%clk 0:00:13]} 56. Ra7
{[%clk 0:01:41]} Re1+ {[%clk 0:00:16]} 57. Kd5 {[%clk 0:01:49]} Rd1+
{[%clk 0:00:14]} 58. Kc6 {[%clk 0:01:57]} Bg3 {[%clk 0:00:18]} 59. Rxf7+
{[%clk 0:01:20]} Kg8 {[%clk 0:00:28]} 60. Re7 {[%clk 0:01:29]} Rf1
{[%clk 0:00:25]} 61. Nf7 {[%clk 0:00:49]} Kf8 {[%clk 0:00:28]} 62. Rb7
{[%clk 0:00:53]} Rxf5 {[%clk 0:00:29]} 63. Nd8 {[%clk 0:01:01]} Rf3
{[%clk 0:00:22]} 64. Ne6+ {[%clk 0:01:03]} Kg8 {[%clk 0:00:24]} 65. Rxb5
{[%clk 0:01:09]} Rxa3 {[%clk 0:00:20]} 66. Rxh5 {[%clk 0:01:16]} Ra6+
{[%clk 0:00:23]} 67. Kb7 {[%clk 0:01:25]} Rxe6 {[%clk 0:00:19]} 68. Rg5+
{[%clk 0:01:34]} Kf7 {[%clk 0:00:28]} 69. Rxg3 {[%clk 0:01:43]} Ke7
{[%clk 0:00:33]} 70. b5 {[%clk 0:01:52]} Kd6 {[%clk 0:00:35]} 71. b6
{[%clk 0:01:54]} Re7+ {[%clk 0:00:33]} 72. Ka6 {[%clk 0:02:02]} Re1
{[%clk 0:00:34]} 73. Rc3 {[%clk 0:02:11]} Kd7 {[%clk 0:00:28]} 74. Ka7
{[%clk 0:02:16]} Ra1+ {[%clk 0:00:34]} 75. Kb8 {[%clk 0:02:24]} Rd1
{[%clk 0:00:34]} 76. b7 {[%clk 0:02:33]} Rd2 {[%clk 0:00:27]} 77. Ra3
{[%clk 0:02:39]} Kc6 {[%clk 0:00:16]} 78. Ka8 {[%clk 0:02:44]} Kd5 1-0

[Event "Russian Rapid Team Championship (w)"]
[Site "Sochi"]
[Date "2022.10.19"]
[Round "8.7"]
[White "Usacheva, Glafira"]
[Black "Badelka, Olga"]
[Result "0-1"]
[BlackElo "2316"]
[WhiteElo "1916"]
[LiveChessVersion "1.4.8"]

1. e4 {[%clk 0:15:19]} e5 {[%clk 0:15:17]} 2. Nf3 {[%clk 0:15:27]} Nc6
{[%clk 0:15:26]} 3. Bb5 {[%clk 0:15:35]} Nf6 {[%clk 0:15:35]} 4. O-O
{[%clk 0:15:40]} Nxe4 {[%clk 0:15:43]} 5. Re1 {[%clk 0:15:47]} Nd6
{[%clk 0:15:51]} 6. a4 {[%clk 0:15:56]} Be7 {[%clk 0:15:49]} 7. Nc3
{[%clk 0:16:04]} a6 {[%clk 0:15:31]} 8. Bf1 {[%clk 0:16:11]} e4 {[%clk 0:15:03]}
9. Nxe4 {[%clk 0:15:55]} Nxe4 {[%clk 0:15:12]} 10. Rxe4 {[%clk 0:16:02]} d5
{[%clk 0:15:20]} 11. Re1 {[%clk 0:16:10]} O-O {[%clk 0:15:18]} 12. d4
{[%clk 0:14:46]} Bg4 {[%clk 0:15:17]} 13. c3 {[%clk 0:14:54]} Bd6
{[%clk 0:14:26]} 14. h3 {[%clk 0:13:21]} Bh5 {[%clk 0:14:13]} 15. g4
{[%clk 0:10:52]} Bg6 {[%clk 0:14:22]} 16. Ne5 {[%clk 0:10:38]} Nxe5
{[%clk 0:14:10]} 17. dxe5 {[%clk 0:10:46]} Bc5 {[%clk 0:14:19]} 18. Be3
{[%clk 0:10:26]} Bxe3 {[%clk 0:13:28]} 19. Rxe3 {[%clk 0:10:34]} c5
{[%clk 0:13:10]} 20. Bg2 {[%clk 0:07:59]} d4 {[%clk 0:12:48]} 21. cxd4
{[%clk 0:08:04]} cxd4 {[%clk 0:12:53]} 22. Rb3 {[%clk 0:08:11]} Rc8
{[%clk 0:12:26]} 23. Rc1 {[%clk 0:07:43]} Rxc1 {[%clk 0:09:48]} 24. Qxc1
{[%clk 0:07:51]} d3 {[%clk 0:06:37]} 25. Qd2 {[%clk 0:07:54]} Qd4
{[%clk 0:06:04]} 26. Rxb7 {[%clk 0:06:28]} Rc8 {[%clk 0:05:41]} 27. Rb3
{[%clk 0:02:44]} h6 {[%clk 0:05:43]} 28. Rc3 {[%clk 0:02:48]} Rxc3
{[%clk 0:04:19]} 29. bxc3 {[%clk 0:02:56]} Qxa4 {[%clk 0:04:24]} 30. Kf1
{[%clk 0:01:52]} Qa1+ {[%clk 0:03:38]} 31. Qe1 {[%clk 0:02:00]} Qb2
{[%clk 0:03:12]} 32. f4 {[%clk 0:00:35]} d2 {[%clk 0:03:08]} 33. Qd1
{[%clk 0:00:43]} Qc1 {[%clk 0:02:57]} 0-1

[Event "Russian Rapid Team Championship (w)"]
[Site "Sochi"]
[Date "2022.10.19"]
[Round "8.8"]
[White "Charochkina, Daria"]
[Black "Lukina, Aleksandra"]
[Result "1-0"]
[BlackElo "1942"]
[WhiteElo "2245"]
[LiveChessVersion "1.4.8"]

1. d4 {[%clk 0:15:17]} d5 {[%clk 0:15:20]} 2. Nc3 {[%clk 0:15:26]} Nf6
{[%clk 0:15:26]} 3. Bf4 {[%clk 0:15:34]} c6 {[%clk 0:15:19]} 4. e3
{[%clk 0:15:42]} g6 {[%clk 0:14:09]} 5. h4 {[%clk 0:15:18]} h5 {[%clk 0:14:13]}
6. Be2 {[%clk 0:15:24]} Bg7 {[%clk 0:14:05]} 7. Nf3 {[%clk 0:15:33]} Bg4
{[%clk 0:14:08]} 8. Ne5 {[%clk 0:15:02]} Bxe2 {[%clk 0:14:12]} 9. Qxe2
{[%clk 0:15:07]} Nbd7 {[%clk 0:14:17]} 10. f3 {[%clk 0:14:21]} Qb6
{[%clk 0:14:10]} 11. O-O-O {[%clk 0:13:52]} Qa5 {[%clk 0:13:30]} 12. Kb1
{[%clk 0:13:33]} Nxe5 {[%clk 0:13:38]} 13. Bxe5 {[%clk 0:13:18]} O-O-O
{[%clk 0:12:01]} 14. e4 {[%clk 0:12:29]} e6 {[%clk 0:11:18]} 15. g4
{[%clk 0:07:19]} Ne8 {[%clk 0:10:50]} 16. Bxg7 {[%clk 0:05:29]} Nxg7
{[%clk 0:10:59]} 17. e5 {[%clk 0:05:38]} Ne8 {[%clk 0:07:49]} 18. Qe3
{[%clk 0:04:47]} Rd7 {[%clk 0:07:16]} 19. Ne2 {[%clk 0:04:45]} Qd8
{[%clk 0:05:17]} 20. Qf2 {[%clk 0:04:48]} b6 {[%clk 0:05:12]} 21. a3
{[%clk 0:03:35]} Qe7 {[%clk 0:05:10]} 22. Rd3 {[%clk 0:03:23]} Ng7
{[%clk 0:04:46]} 23. Qe1 {[%clk 0:02:58]} Kb7 {[%clk 0:04:46]} 24. a4
{[%clk 0:02:56]} a5 {[%clk 0:03:59]} 25. Rb3 {[%clk 0:03:01]} Ka7
{[%clk 0:04:04]} 26. Nc1 {[%clk 0:02:22]} Qd8 {[%clk 0:03:34]} 27. Nd3
{[%clk 0:02:27]} Qe7 {[%clk 0:03:43]} 28. Rh2 {[%clk 0:01:29]} Rc7
{[%clk 0:03:42]} 29. Nc5 {[%clk 0:01:27]} Qd8 {[%clk 0:02:57]} 30. Rh3
{[%clk 0:01:25]} Ne8 {[%clk 0:02:52]} 31. f4 {[%clk 0:01:23]} Ng7
{[%clk 0:03:00]} 32. Rxb6 {[%clk 0:01:17]} Ka8 {[%clk 0:02:40]} 33. Rhb3
{[%clk 0:01:24]} Qe7 {[%clk 0:02:27]} 34. Ra6+ {[%clk 0:01:04]} Ra7
{[%clk 0:02:35]} 35. Rbb6 {[%clk 0:01:13]} hxg4 {[%clk 0:01:26]} 36. Qxa5
{[%clk 0:01:01]} g3 {[%clk 0:01:20]} 37. Rxa7+ {[%clk 0:00:54]} Qxa7
{[%clk 0:01:28]} 38. Ra6 {[%clk 0:01:03]} 1-0